=LDR 00000nam 2200000 4500 =001 INLIS000000000033422 =005 20160411125018.0 =006 =007 =008 ind =035 ##$$0010-061300000033422 =041 ##$$a ind =082 ##$$a 658.15 =090 ##$$a 658.15, Mar f =100 ##$$a Martin, Leo =245 ##$$a Financial planning for autis shild, Leo martin; Editor, Meita sandra =260 ##$$a 2010 $b Yogyakarta =300 ##$$a 324 hlm, 20 cm =650 ##$$a Keuangan-Manajemen =850 ##$$a NBPNMAT